Southville International School and Colleges
Your cart is empty.
  • Cart
  • Lists
    Public lists Eva Luna New books Lux_list list_1
    Your lists Log in to create your own lists
  • Log in to your account
  • Your cookies
  • Search history
Southville International School and Colleges
  • Advanced search
  • Recent comments
  • Most popular
  • Libraries

Log in to your account

Log in with GOOGLE


If you do not have an external account, but do have a local account, you can still log in:

  1. Home
  2. MARC view: Media representations of OFW mothers in Philippine mainstream films /
Normal view MARC view ISBD view

Media representations of OFW mothers in Philippine mainstream films / (Record no. 285013)

[ view plain ]
MARC details
000 -LEADER
fixed length control field 00578nam a2200169Ia 4500
008 - FIXED-LENGTH DATA ELEMENTS--GENERAL INFORMATION
fixed length control field 150609s9999 xx 000 0 und d
050 ## - LIBRARY OF CONGRESS CALL NUMBER
Classification number P 92.P6
Item number .G873 2015
100 ## - MAIN ENTRY--PERSONAL NAME
Personal name Gurbuxani, Danile Jay.
245 ## - TITLE STATEMENT
Title Media representations of OFW mothers in Philippine mainstream films /
Statement of responsibility, etc Danile Jay Gurbuxani.
260 ## - PUBLICATION, DISTRIBUTION, ETC. (IMPRINT)
Place of publication, distribution, etc Las Piñas, Philippines :
Name of publisher, distributor, etc SISC,
Date of publication, distribution, etc 2015.
300 ## - PHYSICAL DESCRIPTION
Extent 73 pages :
Dimensions 28 cm.
500 ## - GENERAL NOTE
General note Includes bibliographical references and appendices.
650 ## - SUBJECT ADDED ENTRY--TOPICAL TERM
Topical term or geographic name as entry element Mass Media
650 ## - SUBJECT ADDED ENTRY--TOPICAL TERM
Topical term or geographic name as entry element Mass Media
650 ## - SUBJECT ADDED ENTRY--TOPICAL TERM
General subdivision Overseas Filipino Worker
650 ## - SUBJECT ADDED ENTRY--TOPICAL TERM
General subdivision Philippines
Holdings
Withdrawn status Lost status Damaged status Home library Current library Shelving location Date acquired Total Checkouts Full call number Barcode Date last seen Price effective from Koha item type
      College Library College Library   06/09/2015   P 92.P6 .G873 2015 T0745 05/15/2018 06/09/2015 Theses

Media representations of OFW mothers in Philippine mainstream films /

APA

Gurbuxani D. J., . (2015). Media representations of OFW mothers in Philippine mainstream films. Las Piñas, Philippines: SISC.

Chicago

Gurbuxani Danile Jay, . 2015. Media representations of OFW mothers in Philippine mainstream films. Las Piñas, Philippines: SISC.

Harvard

Gurbuxani D. J., . (2015). Media representations of OFW mothers in Philippine mainstream films. Las Piñas, Philippines: SISC.

MLA

Gurbuxani Danile Jay, . Media representations of OFW mothers in Philippine mainstream films. Las Piñas, Philippines: SISC. 2015.

  • Print
  • Cite
  • Add to your cart (remove)
  • Save record
    BIBTEX Dublin Core MARCXML MARC (non-Unicode/MARC-8) MARC (Unicode/UTF-8) MARC (Unicode/UTF-8, Standard) MODS (XML) RIS
  • More searches
    Search for this title in:
    Other Libraries (WorldCat) Other Databases (Google Scholar) Online Stores (Bookfinder.com) Open Library (openlibrary.org)

Exporting to Dublin Core...

SOUTHVILLE LIBRARY

Southville International School and Colleges Library

1281 Tropical Ave. Cor. Luxembourg St., BF Homes International, Las Pinas City

Tel. No. 8256374 / 252358 Loc. 117/146

Powered by Koha